• 首页
  • 本馆介绍
  • 公告通知
  • 最新文献
  • 馆藏检索
  • 电子资源
  • 读者导购
  • 参考咨询
  • 我的图书馆
  • 登录
  • 详细信息显示
  • 放入我的书架
  • 预约/预借图书
  • 作者相关作品
  • 分类相关作品
  • 丛书相关作品
  • 出版社相关作品

书目信息

  • 表格格式
  • 工作单格式
  • 卡片格式
题名:
肢体残疾与慢性疾病康复社会工作实务手册
    
 
作者: ;香港复康会 著
分册:  
出版信息: 广州   中山大学出版社  2018.01
页数: 269页
开本: 23cm
丛书名: 康复社会工作实务系列
单 册:
中图分类: R492.9-62
科图分类:
主题词: 肢体残疾--康复医学--社区卫生服务--香港--手册 , 慢性病--康复医学--社区卫生服务--香港--手册
电子资源:
ISBN: 978-7-306-06207-9
000 01037oam2 2200277 450
001 0108153912
005 20210308154403.0
010    @a978-7-306-06207-9@dCNY46.00
100    @a20181129d2018 em y0chiy50 ea
101 0  @achi
102    @aCN@b440000
105    @ay z 000yy
106    @ar
200 1  @a肢体残疾与慢性疾病康复社会工作实务手册@Azhi ti can ji yu man xing ji bing kang fu she hui gong zuo shi wu shou ce@f香港复康会著
210    @a广州@c中山大学出版社@d2018.01
215    @a269页@d23cm
225 2  @a康复社会工作实务系列@h第二辑@i社会工作实务手册
330    @a本书分为四部分,内容包括:“定义及致残原因”“残疾预防的概念与分级”“香港现有服务”和“介入模式”。
461  0 @12001 @a康复社会工作实务系列
462  0 @12001 @a社会工作实务手册
606 0  @a肢体残疾@x康复医学@x社区卫生服务@y香港@j手册
606 0  @a慢性病@x康复医学@x社区卫生服务@y香港@j手册
690    @aR492.9-62@v5
711 02 @a香港复康会@Axiang gang fu kang hui@4著
801  0 @aCN@bBJSZM@c20210308
905    @b1272591-4@dR492.9-62@e139@f4
    
    肢体残疾与慢性疾病康复社会工作实务手册/香港复康会著.-广州:中山大学出版社,2018.01
    269页;23cm.-(康复社会工作实务系列.第二辑.社会工作实务手册)
    
    
    ISBN 978-7-306-06207-9:CNY46.00
    本书分为四部分,内容包括:“定义及致残原因”“残疾预防的概念与分级”“香港现有服务”和“介入模式”。
●
相关链接 在E读中查询图书 在五车中查询图书 在当当中查询图书 在豆瓣中查询图书


正题名:肢体残疾与慢性疾病康复社会工作实务手册     索取号:R492.9-62/139         预约/预借

序号 登录号 条形码 馆藏地/架位号 状态 备注
1 1272591   212725915   第二样本阅览室/ [索取号:R492.9-62/139] 在馆    
2 1272592   212725924   教育系资料室/ [索取号:R492.9-62/139] 在馆    
3 1272593   212725933   教育系资料室/ [索取号:R492.9-62/139] 在馆    
4 1272594   212725942   第三借阅区/ [索取号:R492.9-62/139] 在馆    
唐山师范学院图书馆 欢迎您!
大连网信软件有限公司© 版权所有